DVD Sales 2007 Quiz Stats

 Plays Quiz Retired Jun 30, 2021

Support Sporcle.
Go Orange.
Score 0/25 Timer 08:00
0 Plays Today
Units Sold Movie % Correct
6,845,349Spider-Man 3
42.1%
13,251,378Transformers
31%
9,905,305Harry Potter and the Order of the Phoenix
30.7%
10,889,584Shrek the Third
28.6%
13,699,490Pirates of the Caribbean - At World's End
24.8%
7,563,680The Departed
23.4%
5,763,546Superbad
23.1%
6,179,394Knocked Up
21.2%
11,233,232Ratatouille
20.2%
12,248,728300
16.3%
4,832,785Casino Royale
16.2%
6,839,131The Bourne Ultimatum
13.5%
4,632,907The Simpsons Movie
10.8%
Units Sold Movie % Correct
5,407,501Live Free or Die Hard
9.8%
4,850,387High School Musical 2
8.7%
12,353,541Happy Feet
8.2%
4,828,382Hairspray
7.4%
5,463,491The Pursuit of Happyness
6.5%
8,787,682Night at the Museum
6.1%
4,864,747Ghost Rider
5.1%
4,583,169Cinderella III - A Twist in Time
5.1%
5,724,249Wild Hogs
4.5%
4,936,020Peter Pan
3.2%
5,500,668Open Season
2.9%
4,848,305Charlotte's Web
2.6%

From the Vault

Letters from the States

by caramba

It's always nice to receive a letter from someone in the mail, even if they are a state.
Remove Ads.
Support Sporcle.
Get the best of Sporcle when you Go Orange. This ad-free experience offers more features, more stats, and more fun while also helping to support Sporcle. Thank you for becoming a member.

Show Comments

Extras

Top Quizzes Today


Score Distribution

Your Account Isn't Verified!

In order to create a playlist on Sporcle, you need to verify the email address you used during registration. Go to your Sporcle Settings to finish the process.

Report this User

Report this user for behavior that violates our Community Guidelines.

Details: